Normal view
MARC view
- Buchan, John,
Entry Personal Name
001 - CONTROL NUMBER
- control field: 11829
003 - CONTROL NUMBER IDENTIFIER
- control field: NUST
005 - DATE AND TIME OF LATEST TRANSACTION
- control field: 20180719062125.0
008 - FIXED-LENGTH DATA ELEMENTS
- fixed length control field: 180719|| aca||aabn | a|a d
040 ## - CATALOGING SOURCE
- Original cataloging agency: NUST
- Transcribing agency: NUST
100 ## - HEADING--PERSONAL NAME
- Personal name: Buchan, John,
- Dates associated with a name: 1875-1940.
670 ## - SOURCE DATA FOUND
- Source citation: Work cat.: (NUST)173137: Buchan, John, 1875-1940., The thirty-nine steps /, 1991.
